000 00245nam a2200097Ia 4500
082 _aJ 968.27 CADM
245 0 _aMpumalanga
100 _a CADMAN, Mike Johannesburg, 2009
942 _cBK
008 210817s9999 xx 000 0 und d
999 _c426093
_d426092